| 000 | 00815nam a22002417a 4500 | ||
|---|---|---|---|
| 999 |
_c6612 _d6612 |
||
| 003 | AR-CdUCM | ||
| 008 | 190318b ||||| |||| 00| 0 spa d | ||
| 040 |
_aMUNICIPALIDAD PROVINCIAL DEL CUSCO _cBIBLIOTECA MUNICIPAL DEL CUSCO |
||
| 082 |
_a380.07 / _bG64 |
||
| 100 |
_aGonzález Ruiz, Nicolás _918600 |
||
| 245 | _aEnciclopedia del periodismo / | ||
| 260 |
_aBarcelona : _bNoguer, |
||
| 300 |
_a730 paginas ; _c24 cm. |
||
| 505 | _aContenido :Formación del periodista --Cuerpo y espíritu del periódico --Lecciones de la experiencia --La prensa,hoy / | ||
| 650 |
_aPeriodismo _91929 |
||
| 650 |
_aEnciclopedias _96681 |
||
| 700 |
_aJose Altabella _918601 |
||
| 700 |
_aManuel del Arco _918602 |
||
| 700 |
_aAugusto Assia _918603 |
||
| 700 |
_aJuan Beneyto _918604 |
||
| 942 |
_2ddc _cLIBROS |
||
| 945 | _arjall | ||